=LDR 00000nam 2200000 4500 =001 INLIS000000000000827 =005 20130612085242 =008 ***********************************Ind** =035 ##$$0010-061300000000827 =041 ##$$a Ind =082 ##$$a 92(Sayogyo) =090 ##$$a 92(Sayogyo), Sur-p =100 ##$$a Suratmin =245 ##$$a Prof. DR. Ir. Sayogyo, hasil karya dan pengabdiannya, Suratmin; penyunting AB. Lapian =260 ##$$a 1983 $b Jakarta =300 ##$$a 167 hlm, ilus, 21 cm =650 ##$$a Sayogyo =700 ##$$a Lapian, AB =850 ##$$a NBPNMAT